| 000 | 00541nam a22002057a 4500 | ||
|---|---|---|---|
| 005 | 20240311121955.0 | ||
| 008 | 240311b ||||| |||| 00| 0 eng d | ||
| 020 | _a9789389865530 | ||
| 040 |
_aIN-DiNC _cIN-DiNC |
||
| 041 | _deng | ||
| 082 |
_a370 _bDEK |
||
| 100 |
_aDeka, Nabanita _eauthor |
||
| 245 |
_aGender and education/ _cby Nabanita Deka and Lokman Ali |
||
| 250 | _a1st ed. | ||
| 260 |
_aDibrugarh: _bBanalata, _c2021. |
||
| 300 | _a431p. | ||
| 650 | _aGender and society | ||
| 700 |
_aAli, Lokman _eauthor |
||
| 942 |
_2ddc _cBK |
||
| 999 |
_c11786 _d11786 |
||